000
00290nam a2200121Ia 4500
005
20251222155144.0
008
251222s9999||||xx |||||||||||||| ||spa||
082
_a
INV.34
100
_a
CASTRO DE LA MATA,Ramiro.
245
0
_a
Monografía de investigación
264
_b
Cedro
942
_c
LIB
999
_c
39304
_d
39304